000 00435nam a2200145 a 4500
001 000031332
005 20200930062845.0
008 110620s1928 dr 000 0 spa d
040 _aDO-SdBNP
_bspa
_cBNPHU
082 _axxxx
_bP445
245 3 _aEl período presidencial de 6 años del general Don Horacio Vásquez.
260 _aSnato Domingo :
_bImprenta de J. R. Vda García,
_c1928.
300 _a[108 p.] ;
_c29 p.
049 _aBNPD
999 _c30824
_d30824